000 00378nab a22001097u 4500
008 130520b2005 xxu||||| |||| 00| 0 spa d
041 _aspa
100 1 _aGonzález, Luis Enrique
_977905
245 0 0 _aDe lo científico a lo ético en el falsacionismo de Karl Popper
_cLuis Enrique González
773 0 _tAnthropos
_gV.26, nº1-2,2005,págs. 73-94
_x0254-1629
_wRev38
942 _cAR
999 _c384895
_d384895